• 首页
  • 本馆介绍
  • 公告通知
  • 最新文献
  • 馆藏检索
  • 电子资源
  • 读者导购
  • 参考咨询
  • 我的图书馆
  • 登录
  • 详细信息显示
  • 放入我的书架
  • 预约/预借图书
  • 作者相关作品
  • 分类相关作品
  • 丛书相关作品
  • 出版社相关作品

书目信息

  • 表格格式
  • 工作单格式
  • 卡片格式
题名:
蔬食四季补
    
 
作者: 李梅仙 编著 ;赵道谷 摄影
分册:  
出版信息: 北京   科学出版社  2003
页数: 108页
开本: 25cm
丛书名: 新健康大系
单 册:
中图分类: TS972.12
科图分类:
主题词: 保健--菜谱 , 菜谱 , 保健
电子资源:
ISBN: 7-03-012103-1
000 00943oam2 2200289 450
001 002476731
005 20061114150103.57
010    @a7-03-012103-1@dCNY22.00
100    @a20031016d2003 em y0chiy0110 ea
101 0  @achi
102    @aCN@b110000
105    @aa z 000yy
200 1  @a蔬食四季补@9shu shi si ji bu@e降火祛热佳肴50余道@f李梅仙编著@gToku Chao摄影
210    @a北京@c科学出版社@d2003
215    @a108页@c彩图@d25cm
225 2  @a新健康大系@i营养与保健系列
330    @a本书指导读者如何利用自然、获取各种蔬食、搭配肉类海鲜,将食疗本身即具备的食疗效果完全发挥。
462  0 @12001 @a营养与保健系列
517 1  @a降火祛热佳肴50余道@9jiang huo qu re jia yao 50 yu dao
606 0  @a保健@x菜谱
606 0  @a菜谱
606 0  @a保健
690    @aTS972.12@v4
701  0 @a李梅仙@9li mei xian@c(烹饪)@4编著
702  0 @a赵道谷@9zhao tu gu@c(Toku Chao)@4摄影
801  0 @aCN@bNLC@c20061114
905    @a10447@dTS972.12@e158
    
    蔬食四季补:降火祛热佳肴50余道/李梅仙编著/Toku Chao摄影.-北京:科学出版社,2003
    108页:彩图;25cm.-(新健康大系.营养与保健系列)
    
    
    ISBN 7-03-012103-1:CNY22.00
    本书指导读者如何利用自然、获取各种蔬食、搭配肉类海鲜,将食疗本身即具备的食疗效果完全发挥。
●
相关链接 在E读中查询图书 在五车中查询图书 在当当中查询图书 在豆瓣中查询图书


正题名:蔬食四季补     索取号:TS972.12/158         预约/预借

序号 登录号 条形码 馆藏地/架位号 状态 备注
1 0382901   203829018   第二样本阅览室/ [索取号:TS972.12/158] 在馆    
2 0382902   203829027   第三借阅区/ [索取号:TS972.12/158] 在馆    
3 0382903   203829036   第三借阅区/ [索取号:TS972.12/158] 在馆    
唐山师范学院图书馆 欢迎您!
大连网信软件有限公司© 版权所有